000
00304nam a22001337a 4500
008
170414b xxu||||| |||| 00| 0 eng d
020
_a
9789951460026
041
_a
ALB
080
_2
43TE
_a
612.39
100
_a
10
101
_a
SHM
245
_a
TABELA E VLERAVE USHQYESE
_c
FROLEKE, H
942
_2
udc
_c
BK
999
_c
10737
_d
10737